[Event "22nd Open"]
[Site "Cappelle la Grande FRA"]
[Date "2006.02.20"]
[Round "4"]
[White "Chatalbashev,B"]
[Black "Redon,B"]
[Result "1-0"]
[WhiteElo "2494"]
[BlackElo "2187"]
[EventDate "2006.02.18"]

1. d4 c5 2. d5 f5 3. Nc3 g6 4. e4 fxe4 5. h4 Bg7 6. h5 Bxc3+ 7. bxc3 Qa5 8.
Bd2 e3 9. fxe3 Qc7 10. Qf3 g5 11. e4 Qe5 12. Nh3 h6 13. Nf2 Nf6 14. O-O-O
b5 15. Bxb5 Ba6 16. Qd3 Bxb5 17. Qxb5 O-O 18. Qb7 Qd6 19. Qxa8 Qb6 20. e5
Nh7 21. Ng4 Na6 22. Nxh6+ Kh8 23. Qxf8+ Nxf8 24. Bxg5 Qa5 25. Rh3 Qa3+ 26.
Kb1 c4 27. Rf1 Nh7 28. Bc1 1-0

[Event "22nd Open"]
[Site "Cappelle la Grande FRA"]
[Date "2006.02.20"]
[Round "4"]
[White "Bengherabi,K"]
[Black "Tirard,H"]
[Result "0-1"]
[WhiteElo "2165"]
[BlackElo "2447"]
[EventDate "2006.02.18"]

1. e4 c5 2. Nf3 Nc6 3. Nc3 Nf6 4. Bc4 e6 5. Bb3 Qc7 6. O-O a6 7. a4 Bd6 8.
d3 Nd4 9. Nxd4 cxd4 10. Ne2 Bxh2+ 11. Kh1 Bd6 12. Nxd4 h5 13. f4 h4 14. e5
Bc5 15. Ne2 Ng4 16. d4 h3 17. gxh3 Qc6+ 18. d5 exd5 19. Nd4 Qg6 20. Rf3
Nf2+ 21. Rxf2 Rxh3+ 22. Rh2 Qe4+ 23. Nf3 Rxf3 24. Rh8+ Ke7 25. Kh2 Rf2+ 26.
Kh3 d6+ 27. Kg3 Rg2+ 28. Kh4 g5+ 0-1

[Event "22nd Open"]
[Site "Cappelle la Grande FRA"]
[Date "2006.02.20"]
[Round "4"]
[White "Fourcart,M"]
[Black "Fierro Baquero,M"]
[Result "0-1"]
[WhiteElo "2020"]
[BlackElo "2273"]
[EventDate "2006.02.18"]

1. d4 g6 2. c4 Bg7 3. e4 d6 4. Nc3 Nc6 5. Be3 e5 6. d5 Nce7 7. Bd3 f5 8. f3
Nf6 9. Nge2 O-O 10. O-O f4 11. Bf2 g5 12. c5 g4 13. cxd6 cxd6 14. Kh1 Bh6
15. Rc1 g3 16. Be1 Ng6 17. Rc2 Rf7 18. hxg3 Nh5 19. gxf4 exf4 20. Kg1 Qg5
21. Qc1 Ne5 22. Bb5 a6 23. Nd4 Rg7 24. Rff2 Qd8 25. Bf1 Ng3 26. Nce2 Nd3
27. Qd2 Qh4 0-1

[Event "22nd Open"]
[Site "Cappelle la Grande FRA"]
[Date "2006.02.20"]
[Round "4"]
[White "Danielian,E"]
[Black "Gouanelle,F"]
[Result "1-0"]
[WhiteElo "2423"]
[BlackElo "2137"]
[EventDate "2006.02.18"]

1. d4 d5 2. Nf3 Nc6 3. Bf4 Bf5 4. e3 e6 5. Be2 Bd6 6. Bg3 Bxg3 7. hxg3 Bg4
8. c4 Nf6 9. Qb3 Rb8 10. Nc3 O-O 11. cxd5 exd5 12. Qc2 Ne7 13. Bd3 Ng6 14.
Ne5 c6 15. f3 Be6 16. g4 Nd7 17. O-O-O Ndxe5 18. dxe5 Bd7 19. Rh5 Qe8 20.
Rdh1 h6 21. g5 Nxe5 22. Bh7+ Kh8 23. Bf5 Bxf5 24. Qxf5 Nd7 25. Rxh6+ 1-0

[Event "22nd Open"]
[Site "Cappelle la Grande FRA"]
[Date "2006.02.20"]
[Round "4"]
[White "Gutman,G"]
[Black "Azarova,N"]
[Result "1/2-1/2"]
[WhiteElo "2517"]
[BlackElo "2251"]
[EventDate "2006.02.18"]

1. d4 Nf6 2. Nf3 e6 3. Bg5 d5 4. e3 Be7 5. Nbd2 Nbd7 6. Bd3 b6 7. c3 Bb7 8.
Qb1 c5 9. O-O Qc7 10. b4 Bd6 11. Re1 h6 12. Bh4 O-O 13. a4 a5 14. Bg3 Rfb8
15. dxc5 bxc5 16. b5 Bxg3 17. hxg3 c4 18. Bc2 Nc5 19. Nh2 e5 20. f3 Ne6 21.
Bf5 Re8 22. Ng4 Nxg4 23. Bxg4 Nc5 24. f4 1/2-1/2

[Event "22nd Open"]
[Site "Cappelle la Grande FRA"]
[Date "2006.02.20"]
[Round "4"]
[White "Bykhovsky,Av"]
[Black "Pruijssers,R"]
[Result "1-0"]
[WhiteElo "2464"]
[BlackElo "2319"]
[EventDate "2006.02.18"]

1. d4 Nf6 2. c4 g6 3. Nc3 Bg7 4. e4 d6 5. f3 O-O 6. Be3 c5 7. Nge2 Nc6 8.
d5 Ne5 9. Ng3 h5 10. Be2 e6 11. O-O exd5 12. cxd5 Nh7 13. h3 h4 14. Nh1 f5
15. exf5 gxf5 16. f4 Nd7 17. Bf2 Bf6 18. Bd3 Bd4 19. Bxf5 Qf6 20. Be6+ Kh8
21. Bxd4 Qxd4+ 22. Qxd4+ cxd4 23. Nb5 Nb6 24. Rad1 1-0

[Event "22nd Open"]
[Site "Cappelle la Grande FRA"]
[Date "2006.02.20"]
[Round "4"]
[White "Li Shilong"]
[Black "San Emeterio Cabanes,J"]
[Result "1-0"]
[WhiteElo "2543"]
[BlackElo "2398"]
[EventDate "2006.02.18"]

1. d4 Nf6 2. c4 g6 3. Nc3 Bg7 4. e4 d6 5. Be2 O-O 6. Bg5 Na6 7. h4 e5 8. d5
h6 9. Be3 Nc5 10. Qc2 Ng4 11. Bxg4 Bxg4 12. f3 Bd7 13. h5 f5 14. hxg6 f4
15. Bf2 Qe8 16. Nge2 Na4 17. O-O-O Rf6 18. Nb1 b5 19. cxb5 Bxb5 20. Nec3
Rxg6 21. Nxb5 Qxb5 22. Na3 Qb4 23. Be1 1-0

[Event "22nd Open"]
[Site "Cappelle la Grande FRA"]
[Date "2006.02.20"]
[Round "4"]
[White "Narciso Dublan,M"]
[Black "Spoelman,W"]
[Result "1-0"]
[WhiteElo "2525"]
[BlackElo "2376"]
[EventDate "2006.02.18"]

1. c4 Nf6 2. Nc3 e6 3. e4 c5 4. e5 Ng8 5. Nf3 Nc6 6. d4 cxd4 7. Nxd4 Nxd4
8. Qxd4 Ne7 9. Bf4 Nc6 10. Qe3 Qa5 11. O-O-O b6 12. Kb1 Ba6 13. Ne4 Bb7 14.
Be2 Bc5 15. Nd6+ Kf8 16. Qf3 Rb8 17. Bd2 Nxe5 18. Qf4 Qa4 19. Nxb7 Rxb7 20.
Qxe5 1-0

[Event "22nd Open"]
[Site "Cappelle la Grande FRA"]
[Date "2006.02.20"]
[Round "4"]
[White "Jaracz,P"]
[Black "Brustman,A"]
[Result "1/2-1/2"]
[WhiteElo "2486"]
[BlackElo "2330"]
[EventDate "2006.02.18"]

1. Nf3 Nf6 2. c4 g6 3. b4 a5 4. b5 c6 5. Nc3 d5 6. e3 Bg7 7. d4 O-O 8. Ba3
Bg4 9. Rc1 Re8 10. bxc6 bxc6 11. cxd5 cxd5 12. Bb5 Bd7 13. Qa4 Bxb5 14.
Nxb5 Na6 15. O-O Qb6 16. Ne5 Reb8 17. Nc3 Nb4 18. Rb1 Bf8 19. Qd1 1/2-1/2

[Event "22nd Open"]
[Site "Cappelle la Grande FRA"]
[Date "2006.02.20"]
[Round "4"]
[White "Timoshenko,G"]
[Black "Landenbergue,C"]
[Result "1/2-1/2"]
[WhiteElo "2560"]
[BlackElo "2419"]
[EventDate "2006.02.18"]

1. e4 c5 2. Nf3 e6 3. d4 cxd4 4. Nxd4 Nc6 5. Nc3 Qc7 6. Be2 a6 7. O-O Nf6
8. Be3 Bb4 9. Na4 O-O 10. c4 Be7 11. Nxc6 bxc6 12. Qc2 c5 13. f4 d6 14. Bd3
Bb7 15. Rae1 Rad8 16. Kh1 Nd7 17. Qf2 Bf6 18. Qg3 Bc6 1/2-1/2

[Event "22nd Open"]
[Site "Cappelle la Grande FRA"]
[Date "2006.02.20"]
[Round "4"]
[White "Yemelin,V"]
[Black "Ciuksyte,D"]
[Result "1/2-1/2"]
[WhiteElo "2523"]
[BlackElo "2370"]
[EventDate "2006.02.18"]

1. e4 c5 2. Nf3 e6 3. Nc3 a6 4. g3 b5 5. Bg2 Bb7 6. d3 d6 7. O-O Nd7 8. Ne2
Be7 9. g4 h6 10. Ng3 g5 11. Ne1 Qc7 12. f4 gxf4 13. Bxf4 Ngf6 14. h3 O-O-O
15. Qe2 Ne5 16. a4 Ng6 17. axb5 1/2-1/2

[Event "22nd Open"]
[Site "Cappelle la Grande FRA"]
[Date "2006.02.21"]
[Round "5"]
[White "Korneev,O"]
[Black "Yandemirov,V"]
[Result "1/2-1/2"]
[WhiteElo "2649"]
[BlackElo "2503"]
[EventDate "2006.02.18"]

1. e4 e5 2. Nf3 Nc6 3. Bb5 a6 4. Bxc6 dxc6 5. O-O f6 6. d4 exd4 7. Nxd4 c5
8. Ne2 Qxd1 9. Rxd1 Be6 10. Nbc3 Bd6 11. Bf4 O-O-O 12. Bxd6 cxd6 13. Nf4
Bf7 14. Rd2 Ne7 15. Rad1 Kc7 16. f3 Rhe8 17. g4 g5 18. Nfd5+ Nxd5 19. Nxd5+
Bxd5 20. Rxd5 Re5 21. Kf2 Rxd5 22. Rxd5 Kd7 23. f4 h6 24. h4 Ke6 25. hxg5
hxg5 26. fxg5 Rg8 27. gxf6 Rxg4 28. Rf5 Rg8 29. Kf3 Kf7 30. e5 dxe5 31.
Rxe5 Kxf6 32. Rxc5 Ke6 33. Ke3 Kd6 34. Rc3 Rg4 35. Kd3 Rh4 36. Rc8 Rb4 37.
Kc3 Rh4 38. Kb3 Rh5 39. Ka4 Rh4+ 40. b4 Rh5 41. a3 Rg5 42. c4 Kd7 43. Rh8
Kc7 44. Rh7+ Kc6 45. Rh6+ Kc7 46. Rh3 Kb6 47. c5+ Ka7 48. Rh7 Rg3 49. c6
Kb6 50. cxb7 Ka7 51. b8=Q+ Kxb8 52. Ka5 Rg6 53. a4 Rf6 54. b5 axb5 55. axb5
Rg6 56. b6 Rg1 57. Ka6 1/2-1/2

[Event "22nd Open"]
[Site "Cappelle la Grande FRA"]
[Date "2006.02.21"]
[Round "5"]
[White "Miroshnichenko,E"]
[Black "Drozdovskij,Y"]
[Result "1/2-1/2"]
[WhiteElo "2619"]
[BlackElo "2509"]
[EventDate "2006.02.18"]

1. c4 c6 2. Nf3 d5 3. e3 Nf6 4. Nc3 a6 5. b3 Bf5 6. Bb2 e6 7. Be2 h6 8. O-O
Nbd7 9. d3 Be7 10. cxd5 cxd5 11. e4 dxe4 12. dxe4 Bh7 13. e5 Ne4 14. Nxe4
Bxe4 15. Qd4 Bd5 16. Rfd1 O-O 17. Qg4 Rc8 18. Bc1 f5 19. exf6 Nxf6 20. Qh3
Ne4 21. Bd3 Bf6 22. Ba3 Nc5 23. Rab1 Nxd3 24. Rxd3 Re8 25. Bb4 Qb6 26. Qg4
Rc2 27. Rd2 Rec8 28. Rbd1 a5 29. Ne1 Rc1 30. Ba3 Rxd1 31. Rxd1 Rc6 32. Qe2
Qc7 33. Bb2 Bxb2 34. Qxb2 b5 35. Qd4 b4 36. h3 Rc1 37. Qd2 Rxd1 38. Qxd1
Qc3 39. Nd3 Qd4 40. Qc2 h5 41. Qc8+ Kh7 42. Qe8 Qxd3 1/2-1/2

[Event "22nd Open"]
[Site "Cappelle la Grande FRA"]
[Date "2006.02.21"]
[Round "5"]
[White "Riazantsev,A"]
[Black "Zinchenko,Ya"]
[Result "1/2-1/2"]
[WhiteElo "2594"]
[BlackElo "2501"]
[EventDate "2006.02.18"]

1. d4 d5 2. c4 e6 3. Nf3 c6 4. Qc2 Bd6 5. Bg5 Ne7 6. e3 f6 7. Bf4 Nf5 8.
Bxd6 Nxd6 9. Nbd2 Nd7 10. Bd3 f5 11. O-O O-O 12. b4 Qe7 13. a4 b6 14. Rfb1
g5 15. Ne5 Nb7 16. cxd5 cxd5 17. Ndf3 Qg7 18. Qc6 Rb8 19. Qc3 Nd8 20. a5
Nb7 21. b5 Nbc5 22. Bf1 h6 23. Ne1 Ra8 24. N1d3 Nxd3 25. Bxd3 1/2-1/2

[Event "22nd Open"]
[Site "Cappelle la Grande FRA"]
[Date "2006.02.21"]
[Round "5"]
[White "Brodsky,M"]
[Black "Evdokimov,Alexa"]
[Result "1/2-1/2"]
[WhiteElo "2581"]
[BlackElo "2498"]
[EventDate "2006.02.18"]

1. Nf3 c5 2. e4 e6 3. d4 cxd4 4. Nxd4 a6 5. Nc3 b5 6. Bd3 Qb6 7. Nf3 Qc7 8.
O-O Bb7 9. Re1 Bc5 10. Qd2 Be7 11. b3 d6 12. Bb2 Nf6 13. a4 b4 14. Na2 Nc6
15. c3 bxc3 16. Bxc3 O-O 17. Qb2 Rfd8 18. b4 d5 19. exd5 Rxd5 20. Bf1 Bd6
21. h3 Ne7 22. Bxf6 gxf6 23. Nc3 Rf5 24. Ne4 Nd5 25. Rac1 Qb6 26. Nxd6 Qxd6
27. Rc5 Kh8 28. Nd2 Rg8 29. Ne4 Qe5 30. Qd2 Qb8 31. g3 Qf8 32. b5 axb5 33.
axb5 Rh5 34. Rcc1 Ba8 35. Ra1 e5 36. Bg2 Nf4 37. gxf4 Bxe4 38. Rxe4 Qg7 39.
f3 Rxh3 40. fxe5 Rxf3 41. exf6 Qg6 42. Rh4 Rg3 43. Rh2 Rb3 44. Qe2 Qxf6 45.
Rf1 Qb6+ 46. Kh1 Qxb5 47. Qe7 Qd3 48. Qxf7 Rb1 49. Qxh7+ Qxh7 50. Rxb1
Qxh2+ 51. Kxh2 Kg7 52. Rb6 Rh8+ 53. Kg3 Rh6 54. Rb7+ Kf6 55. Rb5 Rg6+ 56.
Kf2 Rg5 57. Rb4 Ke5 58. Bf3 Rg7 59. Ke3 Ra7 60. Rb5+ Kf6 61. Kf4 Ra6 62.
Be4 Re6 63. Rf5+ Ke7 64. Rd5 Rd6 65. Ra5 Rb6 66. Ke5 Re6+ 67. Kd5 Rd6+ 68.
Kc5 Ke6 69. Ra1 Rd2 70. Re1 Ke5 71. Bd5+ Kf4 72. Kd6 Rd4 73. Rf1+ Ke3 74.
Ke5 Rd3 75. Be4 Rc3 76. Kd5 Rc8 77. Rf3+ Ke2 78. Rh3 Ra8 79. Ke5 Ra4 80.
Kf4 Kd2 81. Rd3+ Ke2 82. Rc3 Rd4 83. Ke5 Ra4 84. Kf4 Rd4 85. Rc2+ Rd2 86.
Rc1 Rb2 87. Rh1 Kd2 88. Ke5 Rb4 89. Rh3 Rb5+ 90. Kd4 Rb4+ 91. Kd5 Ra4 92.
Ke5 Ra5+ 93. Bd5 Ra4 94. Rg3 Rb4 95. Kd6 Rd4 96. Kc5 Rd3 97. Rg1 Ke3 98.
Rf1 Rc3+ 99. Kb4 Rc7 100. Bc4 Kd4 101. Rd1+ Ke5 102. Rd5+ Kf6 103. Kc3
1/2-1/2

[Event "22nd Open"]
[Site "Cappelle la Grande FRA"]
[Date "2006.02.21"]
[Round "5"]
[White "Sorokin,M"]
[Black "Starostits,I"]
[Result "1-0"]
[WhiteElo "2560"]
[BlackElo "2493"]
[EventDate "2006.02.18"]

1. d4 Nc6 2. c4 e5 3. d5 Nce7 4. Nc3 Ng6 5. g3 Bb4 6. Qc2 h5 7. h4 c6 8.
Bg2 Nf6 9. Nh3 Ne7 10. O-O O-O 11. Bg5 Nh7 12. Ne4 cxd5 13. cxd5 d6 14.
Rac1 Nxg5 15. Nhxg5 Nf5 16. Bh3 g6 17. Qa4 Ba5 18. Bxf5 Bxf5 19. Nxd6 Bd2
20. Nxf5 gxf5 21. Rc5 b6 22. Rc6 Bxg5 23. hxg5 Qxg5 24. Qh4 Qxh4 25. gxh4
Rfd8 26. Rd1 Rac8 27. Rdc1 Rxc6 28. dxc6 a5 29. f4 e4 30. Kf2 Kf8 31. a4
Ke7 32. Ke3 Rc8 33. Kd4 Kd6 34. c7 e3 35. Rc3 Rxc7 36. Rxc7 Kxc7 37. Ke5
Kc6 38. Kxf5 Kd5 39. Kg5 Ke4 40. f5 Ke5 41. f6 Ke6 42. Kxh5 Kxf6 43. Kg4
Kg6 44. Kf4 Kh5 45. Kxe3 Kxh4 46. Kf4 Kh3 47. Kf5 Kg3 48. Kf6 Kf2 49. Kxf7
Kxe2 50. Ke6 Kd3 51. Kd5 1-0

[Event "22nd Open"]
[Site "Cappelle la Grande FRA"]
[Date "2006.02.21"]
[Round "5"]
[White "Kulaots,K"]
[Black "Senff,M"]
[Result "1-0"]
[WhiteElo "2558"]
[BlackElo "2471"]
[EventDate "2006.02.18"]

1. e4 c5 2. Nc3 d6 3. Nf3 Nf6 4. d4 cxd4 5. Nxd4 a6 6. Be3 e5 7. Nb3 Be7 8.
f3 Be6 9. Qd2 O-O 10. O-O-O Nbd7 11. g4 Qc7 12. Kb1 b5 13. g5 Nh5 14. Nd5
Bxd5 15. exd5 Nb6 16. Rg1 g6 17. h4 Rab8 18. Na5 Nxd5 19. Qxd5 Qxa5 20. Rg4
Ng7 21. c4 Ne6 22. h5 Nc7 23. Qc6 bxc4 24. Rxc4 Nb5 25. Bd2 Qd8 26. Qxa6 d5
27. Rcc1 Qd7 28. Bd3 Nd6 29. Qc6 Qe6 30. Re1 Ra8 31. Qc3 e4 32. fxe4 dxe4
33. Bc4 Nxc4 34. Qxc4 Qd7 35. Bc3 Ra4 36. Qb3 Ra6 37. hxg6 Rxg6 38. Rxe4
Bxg5 39. Rd1 Qf5 40. Qd5 Qxd5 41. Rxd5 Bf6 42. Bxf6 Rxf6 43. a4 Re6 44.
Rxe6 fxe6 45. Rc5 Kf7 46. Kc2 Rh8 47. Rh5 Kg6 48. Rh1 h5 49. b4 h4 50. a5
Kf5 51. b5 Ke5 52. Rd1 h3 53. a6 h2 54. a7 Rc8+ 55. Kb3 Rd8 56. Rxd8 h1=Q
57. a8=Q Qb1+ 58. Kc4 Qf1+ 59. Kc5 Qf8+ 60. Kb6 Qf2+ 61. Kb7 1-0

[Event "22nd Open"]
[Site "Cappelle la Grande FRA"]
[Date "2006.02.21"]
[Round "5"]
[White "Grigoriants,S RUS"]
[Black "Firman,N"]
[Result "1-0"]
[WhiteElo "2550"]
[BlackElo "2468"]
[EventDate "2006.02.18"]

1. d4 Nf6 2. c4 e6 3. Nc3 Bb4 4. Qc2 O-O 5. Nf3 d5 6. a3 Be7 7. Bf4 dxc4 8.
e4 Nc6 9. Rd1 Na5 10. d5 b6 11. dxe6 Qe8 12. Ng5 Bxe6 13. e5 Bc5 14. Be2 h6
15. Nxe6 fxe6 16. exf6 Bxf2+ 17. Kxf2 Rxf6 18. Kg3 Rg6+ 19. Kh3 e5 20. Be3
Qe6+ 21. g4 1-0

[Event "22nd Open"]
[Site "Cappelle la Grande FRA"]
[Date "2006.02.21"]
[Round "5"]
[White "Goloshchapov,A"]
[Black "Moiseenko,A1"]
[Result "0-1"]
[WhiteElo "2533"]
[BlackElo "2657"]
[EventDate "2006.02.18"]

1. e4 c5 2. Nf3 Nc6 3. d4 cxd4 4. Nxd4 Nf6 5. Nc3 e5 6. Ndb5 d6 7. Bg5 a6
8. Na3 b5 9. Bxf6 gxf6 10. Nd5 f5 11. Bd3 Be6 12. O-O Bxd5 13. exd5 Ne7 14.
Re1 Bg7 15. c3 O-O 16. Qh5 e4 17. Bf1 Rc8 18. Nc2 Re8 19. a4 Nxd5 20. axb5
axb5 21. Qxf5 Re5 22. Qh3 h5 23. Ra7 Rc7 24. Rxc7 Qxc7 25. Nd4 b4 26. Nb5
Qc5 27. cxb4 Qxb4 28. Nc3 Nf6 29. Qc8+ Kh7 30. Qc4 Qb7 31. Rd1 d5 32. Qb5
Qa8 33. Bc4 e3 34. fxe3 Qa7 35. Bf1 Qxe3+ 36. Kh1 Ng4 37. Qd3+ Kh6 38.
Qxe3+ Nxe3 39. Re1 d4 40. Nd1 Nxf1 41. Rxf1 d3 42. Nc3 d2 43. Nb1 Re2 44.
h4 Kg6 45. b4 Bh6 0-1

[Event "22nd Open"]
[Site "Cappelle la Grande FRA"]
[Date "2006.02.21"]
[Round "5"]
[White "Novikov,Ma"]
[Black "Moser,E"]
[Result "1/2-1/2"]
[WhiteElo "2518"]
[BlackElo "2374"]
[EventDate "2006.02.18"]

1. e4 c5 2. Nf3 Nc6 3. Bb5 g6 4. O-O Bg7 5. c3 Nf6 6. Re1 a6 7. Bf1 O-O 8.
d4 cxd4 9. cxd4 d5 10. e5 Ne4 11. Nc3 Bg4 12. h3 1/2-1/2

[Event "22nd Open"]
[Site "Cappelle la Grande FRA"]
[Date "2006.02.21"]
[Round "5"]
[White "Ninov,N"]
[Black "Gashimov,V"]
[Result "0-1"]
[WhiteElo "2513"]
[BlackElo "2625"]
[EventDate "2006.02.18"]

1. e4 e5 2. Nf3 Nc6 3. Bc4 Nf6 4. d4 exd4 5. e5 d5 6. Bb5 Nd7 7. Bg5 Be7 8.
Bxe7 Qxe7 9. O-O O-O 10. Bxc6 bxc6 11. Qxd4 Re8 12. Re1 Bb7 13. Nbd2 c5 14.
Qg4 Qe6 15. Qxe6 Rxe6 16. Nb3 Rae8 17. c3 Rb6 18. Rad1 Ba8 19. c4 d4 20.
Ng5 a5 21. Nxa5 h6 22. e6 fxe6 23. Nh3 Rxb2 24. Nf4 Rxa2 25. Nb3 Rb2 26.
Nd2 e5 27. Nd3 Rc2 28. f3 Bc6 29. Nb3 Rb8 30. Nbxc5 Nxc5 31. Nxc5 Rbb2 32.
Nd3 Rxg2+ 33. Kf1 Rbc2 34. Rc1 Rxc1 35. Rxc1 Rxh2 36. Kg1 Rh5 0-1

[Event "22nd Open"]
[Site "Cappelle la Grande FRA"]
[Date "2006.02.21"]
[Round "5"]
[White "Zhigalko,A"]
[Black "Luther,T"]
[Result "0-1"]
[WhiteElo "2505"]
[BlackElo "2569"]
[EventDate "2006.02.18"]

1. e4 e6 2. d4 d5 3. Nc3 Nf6 4. e5 Nfd7 5. f4 c5 6. Nf3 Nc6 7. Be3 cxd4 8.
Nxd4 Bc5 9. Qd2 a6 10. O-O-O O-O 11. Qf2 Bxd4 12. Bxd4 b5 13. Be3 b4 14.
Na4 a5 15. h4 Ba6 16. h5 Qc7 17. h6 g6 18. Bxa6 Rxa6 19. Nc5 Nxc5 20. Bxc5
Rc8 21. Bd6 Qb6 22. Rhf1 Qxf2 23. Rxf2 Nd8 24. f5 gxf5 25. Rd3 Rc4 26. Rg3+
Rg4 27. Rxg4+ fxg4 28. Bc7 Nc6 29. Rf4 Ne7 30. Rxg4+ Ng6 31. b3 Kf8 32. Kb2
Ke8 33. a3 bxa3+ 34. Kxa3 Rc6 35. Bxa5 Rxc2 36. b4 Kd7 37. b5 Rc1 38. Bb4
Kc7 39. Kb2 Rc4 40. Rxc4+ dxc4 41. Bd6+ Kb6 42. g3 Kxb5 43. Kc3 Kc6 44.
Kxc4 f5 45. Kd4 Nh8 46. Bf8 Nf7 47. Bg7 Kb5 48. Ke3 Kc4 49. Kf4 Kd5 50. g4
fxg4 51. Kxg4 Ke4 52. Kh5 Kf4 53. Bf6 Kf5 54. Bg7 Ng5 55. Bf6 Nh3 56. Bg7
Nf4+ 57. Kh4 Kg6 58. Kg4 Nd5 59. Bf8 Ne3+ 60. Kf4 Nf5 61. Bb4 Nxh6 62. Be7
Kh5 63. Bf6 Nf5 64. Bd8 Nd4 65. Bf6 Ne2+ 66. Kf3 Nc3 67. Bd8 Nd5 68. Ba5
Kg5 69. Be1 Kf5 70. Bf2 Ne7 0-1

[Event "22nd Open"]
[Site "Cappelle la Grande FRA"]
[Date "2006.02.21"]
[Round "5"]
[White "Sulskis,S"]
[Black "Vysochin,S"]
[Result "1/2-1/2"]
[WhiteElo "2504"]
[BlackElo "2551"]
[EventDate "2006.02.18"]

1. e4 e6 2. d4 d5 3. Nc3 dxe4 4. Nxe4 Nd7 5. Nf3 Ngf6 6. Bg5 h6 7. Bxf6
Nxf6 8. Nxf6+ Qxf6 9. g3 Bd6 10. Bg2 Bd7 11. O-O Bc6 12. Nh4 Bxg2 13. Nxg2
O-O-O 14. c3 h5 15. Re1 h4 16. Nxh4 g5 17. Nf3 Rh3 18. Re4 Rdh8 19. Qe2 Qh6
20. Qe3 Rxh2 21. Nh4 Bxg3 22. fxg3 Rxb2 23. Rf1 gxh4 24. Qxh6 Rxh6 25. Rxh4
Rg6 26. Rh8+ Kd7 27. Rxf7+ Kc6 28. Rhh7 Rxg3+ 29. Kf1 Kd5 30. Rxc7 Rxa2 31.
Rc5+ Ke4 32. Rxb7 Rf3+ 33. Kg1 Rg3+ 34. Kf1 Kd3 35. Re5 Rh3 36. Kg1 Rg3+
37. Kf1 a5 38. Rxe6 Kxc3 39. Re2 Rf3+ 40. Kg2 Rxe2+ 41. Kxf3 Rd2 42. Ra7
1/2-1/2

[Event "22nd Open"]
[Site "Cappelle la Grande FRA"]
[Date "2006.02.21"]
[Round "5"]
[White "Zagrebelny,S"]
[Black "Yagupov,I"]
[Result "1/2-1/2"]
[WhiteElo "2497"]
[BlackElo "2534"]
[EventDate "2006.02.18"]

1. e4 c5 2. Nf3 e6 3. d4 cxd4 4. Nxd4 Nf6 5. Nc3 Nc6 6. a3 d6 7. Be2 Be7 8.
O-O O-O 9. Be3 Nxd4 10. Qxd4 b6 11. Rfd1 Bb7 12. Bf3 Qc8 13. a4 Rd8 14. Qb4
Rd7 15. Qb3 Bc6 16. Rd4 Rb8 17. Rad1 h6 18. Rc4 Rc7 19. Nb5 Bxb5 20. Rxc7
Qxc7 21. Qxb5 Rc8 22. c3 Qc4 23. Rd4 Ne8 24. Be2 Rc7 25. g3 e5 26. Rxc4
Rxc4 27. Bxc4 Bg5 28. f4 Bf6 29. Kg2 Kf8 30. Kf3 Ke7 31. Kg4 g6 32. Kf3 h5
33. f5 h4 34. gxh4 Bxh4 35. Kg4 Bf6 36. Bd5 Kf8 37. Bc6 Nc7 38. Bh6+ Kg8
39. c4 Be7 40. Bd7 Bf6 41. h3 Be7 42. h4 Bf6 43. Bc6 Be7 44. Bd5 Kh7 45.
Bd2 Kg7 46. Bc6 Kh7 47. Be1 Kg7 48. Bb4 Kf6 49. Bd2 Kg7 50. Bc1 Kh7 51. Bd7
Kg7 52. Bd2 Kh7 53. fxg6+ fxg6 54. h5 gxh5+ 55. Kxh5 Kg7 56. Bf5 Bf6 57.
Bd7 Kf7 58. Kh6 Bh4 59. Be3 Ne6 60. Bg5 Bf2 61. b3 Bd4 1/2-1/2

[Event "22nd Open"]
[Site "Cappelle la Grande FRA"]
[Date "2006.02.21"]
[Round "5"]
[White "Akesson,R"]
[Black "Roiz,M"]
[Result "1/2-1/2"]
[WhiteElo "2494"]
[BlackElo "2599"]
[EventDate "2006.02.18"]

1. d4 Nf6 2. c4 g6 3. Nc3 d5 4. cxd5 Nxd5 5. e4 Nxc3 6. bxc3 Bg7 7. Be3 c5
8. Qd2 Qa5 9. Rb1 b6 10. Bb5+ Bd7 11. Be2 Bc6 12. Bd3 Nd7 13. Rc1 e6 14.
Ne2 O-O 15. O-O Rfd8 16. Rfd1 Ba4 17. Bc2 Ne5 18. Bb3 Nc6 1/2-1/2

[Event "22nd Open"]
[Site "Cappelle la Grande FRA"]
[Date "2006.02.21"]
[Round "5"]
[White "Tseitlin,Ma"]
[Black "Azarov,S"]
[Result "0-1"]
[WhiteElo "2475"]
[BlackElo "2581"]
[EventDate "2006.02.18"]

1. e4 e5 2. Nf3 Nc6 3. Bb5 a6 4. Ba4 Nf6 5. O-O Be7 6. Bxc6 dxc6 7. d3 Nd7
8. Nbd2 O-O 9. Nc4 f6 10. Nh4 g6 11. Bh6 Rf7 12. f4 exf4 13. Rxf4 Nc5 14.
Rf1 f5 15. Nf3 fxe4 16. dxe4 Qxd1 17. Raxd1 Nxe4 18. Nce5 Rf6 19. Rfe1 Bc5+
20. Kf1 Nd6 21. Nd3 Bb6 22. Bg5 Rf8 23. Nde5 Re8 24. c4 Be6 25. b3 a5 26.
Be3 Bxe3 27. Rxe3 c5 28. Rde1 b6 29. a4 Bc8 30. g4 Bb7 31. Kf2 Kg7 32. h4
h6 33. Kg3 Re6 34. Kf4 Rf8+ 35. Kg3 Rfe8 36. Kf4 Rf6+ 37. Kg3 Rfe6 38. Kf4
Rf6+ 39. Kg3 h5 40. Ng5 hxg4 41. Nxg4 Nf5+ 42. Kf2 Rxe3 43. Nxe3 Nxh4+ 44.
Kg3 Nf3 45. Nxf3 Rxf3+ 46. Kg4 Kf6 47. Nd5+ Bxd5 48. cxd5 Rxb3 49. Re6+ Kf7
50. Rc6 Ke7 51. Kf4 g5+ 52. Kxg5 Kd7 53. Kf5 Ra3 54. Ke5 Rxa4 55. Rh6 Rd4
0-1

[Event "22nd Open"]
[Site "Cappelle la Grande FRA"]
[Date "2006.02.21"]
[Round "5"]
[White "Tunik,G"]
[Black "Golod,V"]
[Result "1/2-1/2"]
[WhiteElo "2469"]
[BlackElo "2577"]
[EventDate "2006.02.18"]

1. d4 Nf6 2. c4 e6 3. Nf3 d5 4. Nc3 c5 5. cxd5 Nxd5 6. g3 Nc6 7. Bg2 cxd4
8. Nxd4 Nxc3 9. bxc3 Nxd4 10. Qxd4 Qxd4 11. cxd4 Bb4+ 12. Bd2 Bxd2+ 13.
Kxd2 Kd8 14. Rhc1 Re8 15. f4 Re7 16. g4 h6 17. h4 Rb8 18. g5 hxg5 19. hxg5
b6 20. Rh1 Bb7 21. Bxb7 Rexb7 22. g6 f5 23. Rh7 Ke7 24. Rxg7+ Kf6 25. Rh7
Kxg6 26. Rh3 Rg7 27. Rc1 Rd8 28. Kd3 Kf6 29. Rc6 Ke7 30. Rh6 Rd6 31. Rc7+
Rd7 32. Rxd7+ Kxd7 33. d5 exd5 34. Rf6 Rg3+ 35. e3 Rg2 36. Rf7+ Kd6 37.
Rxa7 b5 38. a3 Ra2 39. Kd4 Rd2+ 40. Kc3 Re2 41. Kd4 Rd2+ 1/2-1/2

[Event "22nd Open"]
[Site "Cappelle la Grande FRA"]
[Date "2006.02.21"]
[Round "5"]
[White "Szelag,M"]
[Black "Shengelia,D"]
[Result "0-1"]
[WhiteElo "2468"]
[BlackElo "2562"]
[EventDate "2006.02.18"]

1. e4 c5 2. Nf3 d6 3. d4 cxd4 4. Nxd4 Nf6 5. Nc3 Nc6 6. Bg5 Bd7 7. Nb3 h6
8. Bxf6 gxf6 9. Qh5 Rc8 10. f4 Nb4 11. O-O-O Qb6 12. Kb1 Qf2 13. Bb5 Nc6
14. Nd5 a6 15. Be2 Rg8 16. Bf3 a5 17. Rd2 Qa7 18. a4 Nb4 19. Nc3 e5 20.
fxe5 fxe5 21. Rf1 Rg5 22. Qh4 Qb6 23. Bh5 Be6 24. Nd5 Nxd5 25. exd5 Bf5 26.
Nc1 Be7 27. Rxf5 Rxf5 28. Qg4 Rxh5 29. Qxc8+ Bd8 30. g4 Rg5 31. h4 Rg6 32.
Qf5 Qb4 33. Rf2 Rf6 34. Qxf6 Bxf6 35. Rxf6 Ke7 36. Rxh6 Qxg4 37. Rh8 e4 38.
Rb8 e3 39. Rxb7+ Kf8 40. Rb8+ Ke7 41. Rb7+ Kf6 42. Rb3 Qg1 0-1

[Event "22nd Open"]
[Site "Cappelle la Grande FRA"]
[Date "2006.02.21"]
[Round "5"]
[White "Szymanski,M"]
[Black "Degraeve,JM"]
[Result "1/2-1/2"]
[WhiteElo "2409"]
[BlackElo "2553"]
[EventDate "2006.02.18"]

1. Nc3 d5 2. e4 e6 3. Nf3 Nf6 4. e5 Nfd7 5. d4 c5 6. dxc5 Nc6 7. Bf4 Nxc5
8. a3 Be7 9. Be2 a6 10. O-O O-O 11. Qd2 f5 12. exf6 Bxf6 13. Bg5 d4 14. b4
dxc3 15. Qxd8 Rxd8 16. bxc5 e5 17. Bc4+ Kf8 18. Bd3 Rd5 19. Be3 Nd4 20.
Bxh7 Rxc5 21. Rfd1 Rc4 22. Bd3 Ra4 23. Ng5 Bxg5 24. Bxg5 Bf5 25. Bxf5 Nxf5
26. Rd7 b5 27. Rc7 Nd4 28. Re1 Rc4 29. Rxc4 bxc4 30. Rxe5 Rb8 31. h4 Nxc2
32. Re4 Rb1+ 33. Kh2 Nxa3 34. Be7+ Kf7 35. Bxa3 Ra1 36. Rxc4 Rxa3 37. Rc7+
Ke6 38. h5 Kd6 39. Rc8 Kd5 40. g4 Kd4 41. g5 Ra5 42. f4 Rc5 43. Rxc5 Kxc5
44. h6 gxh6 45. gxh6 c2 46. h7 c1=Q 47. h8=Q Qxf4+ 48. Kg2 Qe4+ 49. Kh2
Qe2+ 50. Kg3 Qd3+ 51. Kg2 a5 52. Qc8+ Kb4 53. Qb7+ Qb5 54. Qe7+ Qc5 55.
Qe4+ Kc3 56. Qf3+ Kb2 57. Qf6+ Qc3 58. Qb6+ Kc1 59. Qa6 Qc2+ 60. Kh3 a4 61.
Kh4 Qe4+ 62. Kh5 Qf3+ 63. Kh6 Qe3+ 64. Kh5 Qc5+ 65. Kh6 a3 66. Qf1+ Kd2 67.
Qg2+ Kd3 68. Qf1+ Ke4 69. Qh1+ Ke5 70. Qa1+ Ke6 71. Qa2+ Kf6 72. Qa1+ Qe5
73. Qf1+ Ke7 74. Qb1 Qe6+ 75. Kg5 Qd5+ 76. Kh4 a2 77. Qb4+ Ke6 78. Qb6+ Ke5
79. Qc7+ Kd4 80. Qa7+ Kc3 81. Qa3+ Kc2 82. Qa4+ Kd2 83. Qb4+ Kd3 84. Qa3+
Ke4 85. Qa4+ Ke3 86. Qa3+ Ke2 87. Qb2+ Qd2 88. Qe5+ Qe3 89. Qa1 Qe4+ 90.
Kg5 Qg2+ 91. Kh5 Qf3+ 92. Kg6 Qc6+ 93. Kh5 1/2-1/2